000
00321nam a2200121 a 4500
005
20140414093848.0
008
110321s19uu xx 00 eng d
050
_a
CD 658.002
_b
H65 2007
245
_a
Business and management revision workbook answers.
260
_b
IBID Press,
_c
2007.
942
_c
AVM
999
_c
109733
_d
109733